<?xml version="1.0" encoding="UTF-8"?>
<record
    xmlns:xsi="http://www.w3.org/2001/XMLSchema-instance"
    xsi:schemaLocation="http://www.loc.gov/MARC21/slim http://www.loc.gov/standards/marcxml/schema/MARC21slim.xsd"
    xmlns="http://www.loc.gov/MARC21/slim">

  <leader>01058nam a22002417a 4500</leader>
  <controlfield tag="005">20081106120433.0</controlfield>
  <controlfield tag="008">081106t        xxu||||| |||| 00| 0 ur d</controlfield>
  <datafield tag="010" ind1=" " ind2=" ">
    <subfield code="a">UR-7335</subfield>
  </datafield>
  <datafield tag="020" ind1=" " ind2=" ">
    <subfield code="a">8187113871</subfield>
    <subfield code="c">850.00</subfield>
  </datafield>
  <datafield tag="035" ind1=" " ind2=" ">
    <subfield code="a">U-5890</subfield>
  </datafield>
  <datafield tag="037" ind1=" " ind2=" ">
    <subfield code="b">D.B.Act / Pub</subfield>
  </datafield>
  <datafield tag="082" ind1=" " ind2=" ">
    <subfield code="a">841</subfield>
  </datafield>
  <datafield tag="100" ind1=" " ind2=" ">
    <subfield code="a">&#x627;&#x628;&#x648;&#x627;&#x644;&#x645;&#x638;&#x641;&#x631; &#x62C;&#x644;&#x627;&#x644;&#x627;&#x644;&#x62F;&#x64A;&#x646; &#x645;&#x62D;&#x645;&#x62F; &#x634;&#x627;&#x6C1; &#x639;&#x627; &#x644;&#x645;  &#x62B;&#x627; &#x646;&#x6CC;</subfield>
  </datafield>
  <datafield tag="245" ind1=" " ind2=" ">
    <subfield code="a">&#x646;&#x627; &#x62F;&#x631;&#x627;&#x62A; &#x634;&#x627; &#x6C1;&#x6CC;</subfield>
    <subfield code="c">&#x648;&#x642;&#x627;&#x631; &#x627;&#x644;&#x62D;&#x633;&#x646;  &#x635;&#x62F;&#x64A;&#x642;&#x6CC;</subfield>
    <subfield code="b">&#x628;&#x627; &#x62F;&#x634;&#x627;&#x6C1;  &#x6C1;&#x646;&#x62F; &#x648; &#x633;&#x62A;&#x627; &#x646; &#x6A9;&#x6D2; &#x627;&#x631;&#x62F;&#x648; &#x60C;&#x641;&#x627;&#x631;&#x633;&#x6CC; &#x60C;&#x627;&#x648;&#x631; &#x6C1;&#x646;&#x62F; &#x6CC; &#x6A9;&#x644;&#x627;&#x645; &#x6A9;&#x627; &#x645;&#x62C;&#x645;&#x639;&#x648;&#x639;&#x6C1;   )</subfield>
  </datafield>
  <datafield tag="246" ind1=" " ind2=" ">
    <subfield code="a">Nadirat-e-Shahi</subfield>
    <subfield code="b">by Abul Muzafar Jalaluddin Mohd Shah-e- AalamSani</subfield>
  </datafield>
  <datafield tag="260" ind1=" " ind2=" ">
    <subfield code="a">&#x631;&#x627;&#x645;&#x67E;&#x648;&#x631;</subfield>
    <subfield code="b">&#x631;&#x627;&#x645; &#x67E;&#x648;&#x631;  &#x631;&#x636;&#x627; &#x644;&#x627; &#x64A;&#x628;&#x631;&#x64A;&#x631;&#x6CC;</subfield>
    <subfield code="c">2006</subfield>
  </datafield>
  <datafield tag="270" ind1=" " ind2=" ">
    <subfield code="a">&#x642;&#x644;&#x639;&#x6C1; &#x631;&#x627;&#x645;&#x67E;&#x648;&#x631;&#x60C;</subfield>
    <subfield code="b">&#x631;&#x627;&#x645;&#x67E;&#x648;&#x631;</subfield>
    <subfield code="e">244901</subfield>
  </datafield>
  <datafield tag="300" ind1=" " ind2=" ">
    <subfield code="a">&#x645; -&#x635;</subfield>
    <subfield code="c">22cm (pbk)</subfield>
  </datafield>
  <datafield tag="650" ind1=" " ind2=" ">
    <subfield code="a">&#x634;&#x627; &#x639;&#x631;&#x6CC;</subfield>
  </datafield>
  <datafield tag="650" ind1=" " ind2=" ">
    <subfield code="a">Poetry</subfield>
  </datafield>
  <datafield tag="942" ind1=" " ind2=" ">
    <subfield code="a">dpl</subfield>
    <subfield code="c">UR</subfield>
    <subfield code="2">ddc</subfield>
    <subfield code="h">841</subfield>
    <subfield code="m">&#x634; &#x627; &#x6C1;</subfield>
  </datafield>
  <datafield tag="999" ind1=" " ind2=" ">
    <subfield code="c">3396</subfield>
    <subfield code="d">3396</subfield>
  </datafield>
  <datafield tag="952" ind1=" " ind2=" ">
    <subfield code="0">0</subfield>
    <subfield code="1">0</subfield>
    <subfield code="2">ddc</subfield>
    <subfield code="4">0</subfield>
    <subfield code="7">1</subfield>
    <subfield code="8">NFIC</subfield>
    <subfield code="a">DBAD</subfield>
    <subfield code="b">DBAD</subfield>
    <subfield code="d">2008-11-06</subfield>
    <subfield code="g">850.00</subfield>
    <subfield code="l">0</subfield>
    <subfield code="o">841 &#x634; &#x627; &#x6C1;</subfield>
    <subfield code="p">U-5890</subfield>
    <subfield code="r">2008-09-15 00:00:00</subfield>
    <subfield code="t">1</subfield>
    <subfield code="u">3618</subfield>
    <subfield code="v">850.00</subfield>
    <subfield code="w">2008-09-15</subfield>
    <subfield code="y">UR</subfield>
  </datafield>
</record>
